000 01258nam a2200265 i 4500
005 20180803165614.0
008 141115b2005 ck ||||| |||| 00| 0 spa d
020 _a9589682391
040 _aCO-BoIAVH
_cCO-BoIAVH
041 _aspa
044 _ack
082 0 4 _a581.62
_bR47g
100 1 _aRíos-Alzate, Héctor Felipe
245 1 0 _aGuía técnica para la restauración ecológica de áreas afectadas por especies vegetales invasoras en el Distrito Capital :
_bcomplejo invasor Retamo espinoso (ulex europaeus L.), Retamo liso (Teline monspessulana (L) C. Koch)
_cHéctor Felipe Ríos Alzate
260 _aBogotá :
_bJardín Botánico de Bogotá José Celestino Mutis,
_c2005.
300 _a155 p.
_bfot. (col)
_c28 cm.
500 _aIncluye mapa Prioridades de manejo de riesgo de invasión y restauración de áreas invadidas por Retamo espinoso (ulex europaeus L.), Retamo liso (Teline monspessulana (L) C. Koch) en Bogotá
650 1 6 _aplantas invasoras
_zBogotá
650 2 6 _aPlantas exóticas
_zBogotá
650 2 6 _aRestauración ecológica
650 4 _aRetamo Espinoso
650 2 4 _aRetamo Liso
710 1 _aJardín Botánico de Bogotá José Celestino Mutis
942 _2ddc
_cLIBRO
_03
999 _c8800
_d8800